Vista normal Vista MARC

Entrada Personal Name

Número de registros utilizados en: 2

001 - CONTROL NUMBER

  • control field: 159

003 - CONTROL NUMBER IDENTIFIER

  • control field: OSt

005 - DATE AND TIME OF LATEST TRANSACTION

  • control field: 20200204100715.0

008 - FIXED-LENGTH DATA ELEMENTS

  • fixed length control field: 200204|| aca||aabn | a|a d

040 ## - CATALOGING SOURCE

  • Original cataloging agency: OSt
  • Transcribing agency: OSt

100 ## - HEADING--PERSONAL NAME

  • Personal name: Ycaza, Roger,

670 ## - SOURCE DATA FOUND

  • Source citation: Work cat.: (OSt): Herredia, María Fernanda, autora 156, Hola, Andres, soy María otra vez..., 2016